[Event "Balkan Youth Online-ch 2020"]
[Site "Online"]
[Date "2020.10.31"]
[Round "3.84"]
[White "Lehaci, Miruna-Daria"]
[Black "Velea, Teodora"]
[Result "1-0"]
[WhiteElo "2223"]
[BlackElo "2000"]
[Annotator "TA"]
[PlyCount "57"]
[EventDate "2020.10.31"]
[EventType "swiss"]
[SourceTitle "playchess.com"]
[Source "ChessBase"]
[SourceQuality "1"]

{[%evp 9,57,49,50,50,112,109,157,152,210,208,203,206,197,191,206,202,210,201,447,438,453,425,466,429,422,437,422,409,403,379,425,433,427,428,472,431,757,442,568,468,659,653,736,736,707,714,891,910,1024,902]} 1. e4 d5 2. exd5 Qxd5 3. Nc3 Qd6 4. d4 Nf6 5. Nf3 Bg4 6. Be3 {[#] B01: Scandinavian Defence.} Bxf3 $146 (6... c6 $14) ({Predecessor:} 6... c6 7. h3 Bh5 8. g4 Bg6 9. Ne5 Nbd7 10. Nxg6 hxg6 11. Qf3 Nd5 12. Bg2 e6 13. O-O Be7 {½-½ (128) Dann,M (2443)-Kovalenko,I (2634) Basel 2014}) 7. Qxf3 $16 Nc6 8. O-O-O $1 {And now Bf4 would win.White is clearly better.} e6 {[#]} (8... a6 $16 9. a3 g6) 9. d5 $1 $18 {[%cal Rd5c6]} exd5 10. Nxd5 Nxd5 11. Rxd5 Qe6 12. Bc4 {Re1 is the strong threat.} Bd6 {[#]} 13. Rc5 $1 Qe7 $2 (13... Qd7) 14. Rxc6 $1 O-O 15. Rxd6 $1 cxd6 16. Rd1 Rac8 17. Bb3 b6 18. Bf4 Rfd8 19. Qg3 d5 20. Bg5 {White is clearly winning.} f6 21. Be3 Qb4 22. Kb1 Qb5 (22... Qe4 $142 23. Qh3 Kh8) 23. c3 Rd7 24. Bd4 Re8 (24... Rf8 $142 25. Qf3 Rd6) 25. Bxf6 Kf8 26. Be5 Qe2 27. f4 Qe4+ 28. Bc2 Qc4 29. Qh3 {Black did not feel at home in the position after the opening. Av CentiPawn Loss W=-27/B=-67. Weighted=-33/-77} 1-0

[Event "Balkan Youth Online-ch 2020"]
[Site "Online"]
[Date "2020.10.31"]
[Round "3.85"]
[White "Popovic, Mateja"]
[Black "Karavitaki, Evaggelia"]
[Result "1/2-1/2"]
[WhiteElo "1592"]
[BlackElo "1725"]
[Annotator "NA RC"]
[PlyCount "63"]
[EventDate "2020.10.31"]
[EventType "swiss"]
[SourceTitle "playchess.com"]
[Source "ChessBase"]
[SourceQuality "1"]
[TimeControl "5400+30"]

1. d4 {[%emt 1:05:20]} Nf6 {[%emt 1:05:29]} 2. Nf3 {[%emt 0:00:28]} e6 {[%emt 0:00:41]} 3. Bg5 {[%emt 0:00:26]} c5 {[%emt 0:00:30]} 4. c3 {[%emt 0:00:48]} Qb6 {[%emt 0:00:56]} 5. Qb3 {[%emt 0:00:26]} Qxb3 {[%emt 0:00:53]} 6. axb3 {[%emt 0:00:24]} Ne4 {[%emt 0:00:33]} 7. Bf4 {[%emt 0:00:37]} Nc6 {[%emt 0:00:27]} 8. e3 {[%emt 0:00:29]} Be7 {[%emt 0:00:38]} 9. Bd3 {[%emt 0:00:26]} Nf6 {[%emt 0:00:26]} 10. Nbd2 {[%emt 0:00:26]} d5 {[%emt 0:00:31]} 11. h3 {[%emt 0:00:26]} O-O {[%emt 0:00:27]} 12. O-O {[%emt 0:00:24]} h6 {[%emt 0:00:24]} 13. c4 {[%emt 0:00:28]} Rd8 {[%emt 0:00:50]} 14. cxd5 {[%emt 0:00:46]} Nxd5 {[%emt 0:00:29]} 15. Bg3 {[%emt 0:00:43]} cxd4 {[%emt 0:00:39]} 16. exd4 {[%emt 0:00:39]} Ndb4 {[%emt 0:00:27]} 17. Bc4 {[%emt 0:01:23]} Nxd4 {[%emt 0:00:36]} 18. Nxd4 {[%emt 0:00:24]} Rxd4 {[%emt 0:00:23]} 19. Nf3 {[%emt 0:00:22]} Rd8 {[%emt 0:01:35]} 20. Rfd1 {[%emt 0:00:56]} Nd5 {[%emt 0:00:41]} 21. Bxd5 {[%emt 0:00:45]} exd5 {[%emt 0:00:34]} 22. Rac1 {[%emt 0:00:25]} Bf6 {[%emt 0:00:26]} 23. Rd2 {[%emt 0:00:40]} Be6 {[%emt 0:00:40]} 24. Rc7 {[%emt 0:00:35]} b6 {[%emt 0:00:23]} 25. Be5 {[%emt 0:00:38]} Bxe5 {[%emt 0:01:16]} 26. Nxe5 {[%emt 0:00:24]} Rdc8 {[%emt 0:00:28]} 27. Re7 {[%emt 0:00:32]} Kf8 {[%emt 0:00:47]} 28. Ng6+ {[%emt 0:00:23]} Kg8 {[%emt 0:01:09]} 29. Nf4 {[%emt 0:00:27]} Kf8 {[%emt 0:00:29]} 30. Ng6+ {[%emt 0:00:23]} Kg8 {[%emt 0:00:28]} 31. Nf4 {[%emt 0:00:22]} Kf8 {[%emt 0:00:23]} 32. Ng6+ {[%emt 0:00:43]} 1/2-1/2

[Event "Balkan Youth Online-ch 2020"]
[Site "Online"]
[Date "2020.10.31"]
[Round "3.87"]
[White "Sural, Ceren"]
[Black "Tsampouli, Vasiliki"]
[Result "1-0"]
[WhiteElo "1686"]
[BlackElo "1549"]
[Annotator "NA RC"]
[PlyCount "89"]
[EventDate "2020.10.31"]
[EventType "swiss"]
[SourceTitle "playchess.com"]
[Source "ChessBase"]
[SourceQuality "1"]
[TimeControl "1500+5"]

1. e4 {[%emt 0:00:00]} e5 {[%emt 0:00:00]} 2. Nf3 {[%emt 0:00:00]} Nc6 {[%emt 0:00:00]} 3. Bc4 {[%emt 0:00:00]} Bc5 {[%emt 0:00:00]} 4. c3 {[%emt 0:00:00]} Nf6 {[%emt 0:00:00]} 5. d3 {[%emt 0:00:00]} d6 {[%emt 0:00:00]} 6. h3 {[%emt 0:00:00]} a6 {[%emt 0:00:04]} 7. Bb3 {[%emt 0:00:38]} Ba7 {[%emt 0:00:28]} 8. Nbd2 {[%emt 0:00:20]} Ne7 {[%emt 0:00:06]} 9. Qe2 {[%emt 0:01:38]} Ng6 {[%emt 0:00:25]} 10. g3 {[%emt 0:00:15]} Be6 {[%emt 0:01:10]} 11. Ng5 {[%emt 0:01:51]} Bxb3 {[%emt 0:00:30]} 12. axb3 {[%emt 0:00:14]} O-O {[%emt 0:00:05]} 13. Nf1 {[%emt 0:00:55]} h6 {[%emt 0:01:27]} 14. Nf3 {[%emt 0:00:08]} c6 {[%emt 0:01:09]} 15. Ne3 {[%emt 0:03:02]} d5 {[%emt 0:00:31]} 16. Nf5 {[%emt 0:01:30]} Re8 {[%emt 0:00:50]} 17. N3h4 {[%emt 0:00:23]} Ne7 {[%emt 0:01:02]} 18. Nxe7+ {[%emt 0:00:09]} Qxe7 {[%emt 0:00:03]} 19. Nf5 {[%emt 0:00:01]} Qe6 {[%emt 0:00:00]} 20. b4 {[%emt 0:00:13]} Rad8 {[%emt 0:00:43]} 21. g4 {[%emt 0:00:04]} Kh7 {[%emt 0:02:44]} 22. g5 {[%emt 0:02:41]} hxg5 {[%emt 0:01:05]} 23. Bxg5 {[%emt 0:00:10]} g6 {[%emt 0:00:31]} 24. Ng3 {[%emt 0:00:52]} Rc8 {[%emt 0:03:22]} 25. Nf1 {[%emt 0:03:02]} Nh5 {[%emt 0:01:10]} 26. Qg4 {[%emt 0:01:28]} Kg7 {[%emt 0:00:49]} 27. Qxe6 {[%emt 0:01:38]} Rxe6 {[%emt 0:00:01]} 28. Be3 {[%emt 0:00:22]} Bxe3 {[%emt 0:00:10]} 29. fxe3 {[%emt 0:00:00]} dxe4 {[%emt 0:00:01]} 30. dxe4 {[%emt 0:00:00]} Rd8 {[%emt 0:00:06]} 31. Rd1 {[%emt 0:00:24]} Red6 {[%emt 0:00:00]} 32. Rxd6 {[%emt 0:00:11]} Rxd6 {[%emt 0:00:00]} 33. Rg1 {[%emt 0:00:13]} Nf6 {[%emt 0:00:46]} 34. Ng3 {[%emt 0:00:09]} Kh6 {[%emt 0:00:07]} 35. Ke2 {[%emt 0:00:36]} Nd7 {[%emt 0:00:36]} 36. Rf1 {[%emt 0:00:27]} f6 {[%emt 0:00:18]} 37. h4 {[%emt 0:00:28]} c5 {[%emt 0:01:31]} 38. bxc5 {[%emt 0:00:57]} Nxc5 {[%emt 0:00:00]} 39. h5 {[%emt 0:00:18]} Rd7 {[%emt 0:01:05]} 40. Rxf6 {[%emt 0:00:18]} Na4 {[%emt 0:00:52]} 41. hxg6 {[%emt 0:00:45]} Kg7 {[%emt 0:00:27]} 42. Re6 {[%emt 0:00:09]} Nxb2 {[%emt 0:00:24]} 43. Nf5+ {[%emt 0:00:23]} Kf8 {[%emt 0:00:25]} 44. g7+ {[%emt 0:00:32]} Kf7 {[%emt 0:00:12]} 45. Re8 {[%emt 0:00:18]} 1-0

[Event "Balkan Youth Online-ch 2020"]
[Site "Online"]
[Date "2020.10.31"]
[Round "3.88"]
[White "Anghel, Maria"]
[Black "Ivanovic, Tara"]
[Result "1/2-1/2"]
[WhiteElo "1826"]
[BlackElo "1283"]
[Annotator "NA RC"]
[PlyCount "76"]
[EventDate "2020.10.31"]
[EventType "swiss"]
[SourceTitle "playchess.com"]
[Source "ChessBase"]
[SourceQuality "1"]
[TimeControl "5400+30"]

1. d4 {[%emt 1:05:20]} d5 {[%emt 1:05:22]} 2. c4 {[%emt 0:00:28]} e6 {[%emt 0:00:22]} 3. Nc3 {[%emt 0:00:24]} Nf6 {[%emt 0:00:22]} 4. Nf3 {[%emt 0:00:22]} Nbd7 {[%emt 0:00:28]} 5. cxd5 {[%emt 0:02:03]} Nxd5 {[%emt 0:00:26]} 6. Nxd5 {[%emt 0:01:28] D37: Queen's Gambit Declined: 5 Bf4.} exd5 {[%emt 0:00:23]} 7. Bf4 {[%emt 0:01:03]} Bb4+ {[%emt 0:00:38]} 8. Nd2 {[%emt 0:01:12]} O-O {[%emt 0:00:34]} 9. a3 {[%emt 0:01:22]} Ba5 {[%emt 0:00:32]} 10. b4 {[%emt 0:00:43]} Bb6 {[%emt 0:00:23]} 11. e3 {[%emt 0:00:26] [#]} Nf6 $146 {[%emt 0:00:27]} ({Predecessor:} 11... Re8 12. Nf3 a5 13. Bd3 Nf8 14. O-O axb4 15. axb4 Bg4 16. Rxa8 Qxa8 17. Qc2 Bxf3 18. gxf3 {½-½ (53) Gazik,R (2171)-Sarmir,M (2151) Slovakia 2004}) 12. Bd3 {[%emt 0:00:45]} Bg4 {[%emt 0:00:57]} 13. Qc2 {[%emt 0:01:28]} c6 {[%emt 0:00:39]} 14. O-O {[%emt 0:01:21]} Bc7 {[%emt 0:00:33]} 15. Bg5 {[%emt 0:00:54]} Qd6 {[%emt 0:00:27]} 16. Bf4 {[%emt 0:01:47]} Qd7 {[%emt 0:00:55]} 17. Be5 {[%emt 0:01:24]} h6 {[%emt 0:00:49]} 18. h3 {[%emt 0:02:26]} Bh5 {[%emt 0:01:59]} 19. Bf5 {[%emt 0:03:53]} Qe7 {[%emt 0:00:37]} 20. Bxc7 {[%emt 0:00:34]} Qxc7 {[%emt 0:00:23]} 21. g4 {[%emt 0:00:51]} Bg6 {[%emt 0:00:30]} 22. Bxg6 {[%emt 0:00:28]} fxg6 {[%emt 0:00:21]} 23. Qxg6 {[%emt 0:00:28]} Rf7 {[%emt 0:00:27]} 24. Nf3 {[%emt 0:01:29]} Nd7 {[%emt 0:00:33]} 25. Kg2 {[%emt 0:01:04]} Raf8 {[%emt 0:00:27]} 26. Nh4 {[%emt 0:02:13]} Nf6 {[%emt 0:00:40]} 27. Nf5 {[%emt 0:01:47]} Kh8 {[%emt 0:00:37]} 28. Ng3 {[%emt 0:00:55]} Nh7 {[%emt 0:00:39]} 29. f4 {[%emt 0:01:52]} Qe7 {[%emt 0:00:53]} 30. Qd3 {[%emt 0:00:40]} Nf6 {[%emt 0:00:32]} 31. Kh2 {[%emt 0:01:48]} Re8 {[%emt 0:00:30]} 32. Rae1 {[%emt 0:00:59]} Ne4 {[%emt 0:00:24]} 33. Nf5 {[%emt 0:01:11]} Qe6 {[%emt 0:00:37]} 34. Nh4 {[%emt 0:00:40]} g5 $1 {[%emt 0:01:10]} 35. Ng2 {[%emt 0:01:22]} Rfe7 {[%emt 0:01:05]} ({Black should try} 35... Rh7 $17 36. Qd1 Rg8) 36. Kg1 {[%emt 0:00:32]} Qd6 {[%emt 0:00:38]} 37. f5 {[%emt 0:00:34]} Qg3 $19 {[%emt 0:00:36]} 38. Qe2 {[%emt 0:00:30]} Qxh3 {[%emt 0:01:17]} 1/2-1/2

[Event "Balkan Youth Online-ch 2020"]
[Site "Online"]
[Date "2020.10.31"]
[Round "3.89"]
[White "Obada, Ema"]
[Black "Srdanovic, Jovana"]
[Result "1-0"]
[WhiteElo "1940"]
[BlackElo "2144"]
[Annotator "TA"]
[PlyCount "61"]
[EventDate "2020.10.31"]
[EventType "swiss"]
[SourceTitle "playchess.com"]
[Source "ChessBase"]
[SourceQuality "1"]

{[%evp 17,61,10,44,12,72,20,48,41,98,0,2,0,10,10,0,0,45,45,40,40,50,0,0,-22,28,0,0,0,0,0,0,0,56,0,99,88,80,73,72,59,173,105,75,38,577,580]} 1. e4 c5 2. Nf3 e6 3. d4 cxd4 4. Nxd4 a6 5. Nc3 d6 6. Bd3 Nf6 7. O-O Be7 8. Kh1 O-O 9. f4 Qc7 10. Qe2 {B82: Sicilian Scheveningen: 6 f4.} Nbd7 (10... Nc6 $11 11. Nxc6 bxc6) 11. Bd2 ({Better is} 11. g4 $16) 11... b6 12. Rae1 {White is slightly better.} Rd8 {[#]} (12... Nc5 $14) 13. Nb3 $146 (13. g4 $1 $16) ({Predecessor:} 13. Nf3 Bb7 14. e5 dxe5 15. fxe5 Ng4 16. Bf4 Nc5 17. h3 Nxd3 18. cxd3 Nh6 19. Bxh6 gxh6 {0-1 (28) Zsirai,P (2195)-Eltigani,O (2295) Budapest 2012}) 13... Bb7 $11 14. e5 Nd5 $1 15. Nxd5 Bxd5 16. Bc3 g6 17. exd6 Bxd6 18. Qf2 Qb7 19. Re2 Rac8 20. Nd2 Bf8 21. Ne4 (21. Qd4 $5 {[%cal Rd4h8]} f6 22. Be4 $11) 21... Be7 22. f5 $40 {[%mdl 128] White mounts an attack.} exf5 23. Ng3 $1 {[#]} Rxc3 $1 {[%mdl 512]} 24. bxc3 Bh4 {[#]} (24... Nc5 $11) 25. Bxf5 $1 {[%mdl 512]} Nc5 {[#]} (25... gxf5 $11 {keeps the balance.} 26. Qf4 Bf6) 26. Qf4 $1 $16 {[%cal Rf4h4]} Bxg3 27. Qxg3 Bxa2 28. Qh4 Qd5 {[#]} (28... Qc7 $1 $14) 29. Rfe1 (29. Re3 $1 $18 {Strongly threatening Bxg6!} Qd6 30. Rh3) 29... Kg7 30. Bg4 Bc4 $2 {[%mdl 8192]} (30... Qd6 $14) 31. Bf3 {Av CentiPawn Loss W=-21/B=-48. Weighted=-27/-47} 1-0

[Event "Balkan Youth Online-ch 2020"]
[Site "Online"]
[Date "2020.10.31"]
[Round "3.90"]
[White "Kalyva, Kyriaki"]
[Black "Bucur, Denisa-Andreea"]
[Result "0-1"]
[WhiteElo "1823"]
[BlackElo "2063"]
[Annotator "TA"]
[PlyCount "80"]
[EventDate "2020.10.31"]
[EventType "swiss"]
[SourceTitle "playchess.com"]
[Source "ChessBase"]
[SourceQuality "1"]

{[%evp 13,80,2,-12,-35,-40,-19,3,-47,-41,-37,-15,-44,-12,-116,-111,-148,-141,-186,-197,-259,-241,-273,-240,-384,-390,-403,-395,-403,-385,-432,-439,-420,-401,-439,-373,-399,-373,-376,-370,-478,-487,-468,-461,-532,-404,-557,-402,-399,-387,-397,-393,-375,-169,-341,-331,-338,-342,-389,-383,-605,-462,-546,-399,-749,-455,-526,-481,-1300,-995]} 1. d4 Nf6 2. c4 e6 3. Nc3 Bb4 4. a3 Bxc3+ 5. bxc3 Nc6 6. f3 b6 7. e4 Ba6 8. Bd3 {E24: Nimzo-Indian: Sämisch: Unusual Black 5th moves and 5...c5 sidelines.} Na5 9. Qe2 d6 10. Bg5 {The position is equal.} h6 11. Bh4 g5 12. Bf2 Qd7 13. e5 (13. f4 $11 {remains equal.}) 13... Nh5 {[#] And now ...Nf4 would win. White is on the road to losing.} 14. g3 $146 ({Predecessor:} 14. Nh3 dxe5 15. O-O O-O-O 16. c5 Bxd3 17. Qxd3 Kb8 18. Rab1 exd4 19. Qa6 Nc6 20. cxd4 {1-0 (53) Donchenko,A (2646)-Vitiugov,N (2722) Playchess.com INT 2020}) 14... Qa4 15. Qe4 Bb7 16. Qg4 (16. Qe2 $142) 16... Ng7 $19 17. exd6 cxd6 18. d5 (18. h4 {was worth a try.} f5 19. Qh3) 18... f5 19. Qd4 e5 20. Qe3 Nxc4 {[%mdl 64] [#] Double Attack} 21. Qe2 Bxd5 22. h4 {If only White now had time for hxg5....} g4 23. fxg4 O-O-O 24. gxf5 Bxh1 25. Bxc4 Kb8 26. f6 Ne8 27. f7 Nc7 28. Nh3 Bd5 29. Bd3 e4 30. Bc2 Qc6 31. Bd4 Rhf8 32. Nf4 Bc4 (32... Bxf7 $142 33. Rb1 {[#]} e3 $1 {[%mdl 512]}) 33. Bxe4 $2 (33. Qxe4 Qxe4+ 34. Bxe4) 33... d5 34. Bd3 {White hopes to continue with Qh5.} Rxf7 {...Re8 is the strong threat.} 35. Kd2 Re8 36. Qh5 (36. Qf3 $142) 36... Rfe7 37. a4 Bxd3 38. Kxd3 $2 (38. Nxd3 Qc4 39. Qd1) 38... Qc4+ {Black is clearly winning.} 39. Kd2 Re4 40. Bf2 (40. Nd3 $142) 40... Rxf4 {Av CentiPawn Loss W=-81/B=-51. Weighted=-85/-52} 0-1

[Event "Balkan Youth Online-ch 2020"]
[Site "Online"]
[Date "2020.10.31"]
[Round "3.91"]
[White "Yilmaz, Duygu Sila"]
[Black "Mihailidou, Magdalini"]
[Result "0-1"]
[WhiteElo "1408"]
[BlackElo "1796"]
[Annotator "NA RC"]
[PlyCount "48"]
[EventDate "2020.10.31"]
[EventType "swiss"]
[SourceTitle "playchess.com"]
[Source "ChessBase"]
[SourceQuality "1"]
[TimeControl "1500+5"]

1. e4 {[%emt 0:00:00]} e5 {[%emt 0:00:09]} 2. Nf3 {[%emt 0:00:21]} Nc6 {[%emt 0:00:00]} 3. Bc4 {[%emt 0:00:00]} Bc5 {[%emt 0:00:04]} 4. c3 {[%emt 0:00:00]} Nf6 {[%emt 0:00:08]} 5. d3 {[%emt 0:00:02]} d6 {[%emt 0:00:01]} 6. Nbd2 {[%emt 0:00:33]} a6 {[%emt 0:00:05]} 7. Bb3 {[%emt 0:00:40]} h6 {[%emt 0:00:10]} 8. O-O {[%emt 0:01:15]} g5 {[%emt 0:00:34]} 9. Re1 {[%emt 0:09:20]} Ba7 {[%emt 0:06:34]} 10. Nf1 {[%emt 0:01:50]} g4 {[%emt 0:06:00]} 11. Nh4 {[%emt 0:02:18]} Nxe4 {[%emt 0:00:39]} 12. Rxe4 {[%emt 0:00:51]} Qxh4 {[%emt 0:00:00]} 13. Ng3 {[%emt 0:00:27]} f5 {[%emt 0:01:59]} 14. Re1 {[%emt 0:00:29]} Bd7 {[%emt 0:00:44]} 15. Bd5 {[%emt 0:03:53]} O-O-O {[%emt 0:00:40]} 16. b4 {[%emt 0:01:22]} f4 {[%emt 0:01:34]} 17. Ne4 {[%emt 0:00:13]} g3 {[%emt 0:00:09]} 18. hxg3 {[%emt 0:01:52]} fxg3 {[%emt 0:00:03]} 19. Be3 {[%emt 0:00:12]} Bxe3 {[%emt 0:02:54]} 20. Rxe3 {[%emt 0:00:00]} Qh2+ {[%emt 0:00:03]} 21. Kf1 {[%emt 0:00:00]} Qh1+ {[%emt 0:00:00]} 22. Ke2 {[%emt 0:00:00]} Bg4+ {[%emt 0:00:00]} 23. Rf3 {[%emt 0:01:00]} Qxg2 {[%emt 0:00:10]} 24. Qh1 {[%emt 0:00:07]} Bxf3+ {[%emt 0:00:00]} 0-1

[Event "Balkan Youth Online-ch 2020"]
[Site "Online"]
[Date "2020.10.31"]
[Round "3.92"]
[White "Lupascu, Diana-Elena"]
[Black "Eftovska, Lea"]
[Result "1-0"]
[WhiteElo "1668"]
[BlackElo "1587"]
[Annotator "NA RC"]
[PlyCount "69"]
[EventDate "2020.10.31"]
[EventType "swiss"]
[SourceTitle "playchess.com"]
[Source "ChessBase"]
[SourceQuality "1"]
[TimeControl "1500+5"]

1. d4 {[%emt 0:00:00]} Nf6 {[%emt 0:00:00]} 2. Nf3 {[%emt 0:00:00]} g6 {[%emt 0:00:00]} 3. g3 {[%emt 0:00:00]} Bg7 {[%emt 0:00:00]} 4. Bg2 {[%emt 0:00:00]} d6 {[%emt 0:00:00]} 5. O-O {[%emt 0:00:00]} O-O {[%emt 0:00:00]} 6. c4 {[%emt 0:00:00]} Nbd7 {[%emt 0:00:00]} 7. Nc3 {[%emt 0:00:00]} e5 {[%emt 0:00:00]} 8. e4 {[%emt 0:00:02]} exd4 {[%emt 0:00:00]} 9. Nxd4 {[%emt 0:00:00]} Re8 {[%emt 0:00:00]} 10. h3 {[%emt 0:00:02]} Nc5 {[%emt 0:00:00]} 11. Re1 {[%emt 0:00:15]} c6 {[%emt 0:01:03]} 12. Qc2 {[%emt 0:03:33]} Bd7 {[%emt 0:00:44]} 13. Nb3 {[%emt 0:02:06]} Ne6 {[%emt 0:02:15]} 14. Be3 {[%emt 0:02:13]} Qc8 {[%emt 0:02:33]} 15. Rad1 {[%emt 0:01:13]} Nc7 {[%emt 0:03:21]} 16. Kh2 {[%emt 0:00:40]} d5 {[%emt 0:01:01]} 17. cxd5 {[%emt 0:02:57]} cxd5 {[%emt 0:00:20]} 18. Nxd5 {[%emt 0:00:45]} Nfxd5 {[%emt 0:00:38]} 19. exd5 {[%emt 0:00:06]} Bf5 {[%emt 0:00:21]} 20. Qc4 {[%emt 0:02:29]} Bxb2 {[%emt 0:09:31]} 21. d6 {[%emt 0:00:44]} Ne6 {[%emt 0:03:38]} 22. Qxc8 {[%emt 0:00:25]} Rexc8 {[%emt 0:00:00]} 23. Bxb7 {[%emt 0:00:08]} Bc2 {[%emt 0:00:08]} 24. Rd2 {[%emt 0:01:43]} Bxb3 {[%emt 0:00:53]} 25. Rxb2 {[%emt 0:00:17]} Ba4 {[%emt 0:00:02]} 26. Bxa8 {[%emt 0:00:51]} Rxa8 {[%emt 0:00:00]} 27. Rb7 {[%emt 0:01:08]} a6 {[%emt 0:00:20]} 28. Rc1 {[%emt 0:02:17]} Rd8 {[%emt 0:00:00]} 29. Bh6 {[%emt 0:01:04]} Nd4 {[%emt 0:00:17]} 30. d7 {[%emt 0:00:43]} Bc6 {[%emt 0:00:01]} 31. Rc7 {[%emt 0:00:59]} Nf3+ {[%emt 0:00:10]} 32. Kh1 {[%emt 0:00:00]} Ne5+ {[%emt 0:00:07]} 33. R7xc6 {[%emt 0:00:01]} Nxc6 {[%emt 0:00:00]} 34. Rxc6 {[%emt 0:00:00]} f5 {[%emt 0:00:00]} 35. Rc8 {[%emt 0:00:00]} 1-0

[Event "Balkan Youth Online-ch 2020"]
[Site "Online"]
[Date "2020.10.31"]
[Round "3.93"]
[White "Ergazaki, Eirini"]
[Black "Shqau, Olta"]
[Result "1-0"]
[WhiteElo "1577"]
[BlackElo "1373"]
[Annotator "NA RC"]
[PlyCount "99"]
[EventDate "2020.10.31"]
[EventType "swiss"]
[SourceTitle "playchess.com"]
[Source "ChessBase"]
[SourceQuality "1"]
[TimeControl "5400+30"]

1. e4 {[%emt 1:05:20]} e6 {[%emt 1:05:24]} 2. d4 {[%emt 0:00:23]} d5 {[%emt 0:00:26]} 3. Nc3 {[%emt 0:00:22]} Nf6 {[%emt 0:01:10]} 4. Bg5 {[%emt 0:00:24]} c5 {[%emt 0:00:47]} 5. e5 {[%emt 0:01:45]} cxd4 {[%emt 0:00:48]} 6. Qxd4 {[%emt 0:01:05]} Nc6 {[%emt 0:00:39]} 7. Qa4 {[%emt 0:00:36]} h6 {[%emt 0:00:48]} 8. exf6 {[%emt 0:00:59]} hxg5 {[%emt 0:00:25]} 9. fxg7 {[%emt 0:00:42]} Bxg7 {[%emt 0:00:22]} 10. Nf3 {[%emt 0:00:50]} Bd7 {[%emt 0:00:28]} 11. Qg4 {[%emt 0:01:39]} f6 {[%emt 0:01:09]} 12. Bb5 {[%emt 0:02:25]} Qb6 {[%emt 0:00:55]} 13. O-O {[%emt 0:02:20]} O-O-O {[%emt 0:00:45]} 14. Bxc6 {[%emt 0:02:44]} Qxc6 {[%emt 0:00:34]} 15. Nd4 {[%emt 0:00:58]} Qb6 {[%emt 0:01:19]} 16. Nb3 {[%emt 0:00:32]} e5 {[%emt 0:01:27]} 17. Qd1 {[%emt 0:00:57]} d4 {[%emt 0:00:31]} 18. Ne2 {[%emt 0:01:33]} Qc6 {[%emt 0:00:39]} 19. c3 {[%emt 0:00:47]} dxc3 {[%emt 0:02:05]} 20. Nxc3 {[%emt 0:00:23]} Bh3 {[%emt 0:00:54]} 21. gxh3 {[%emt 0:02:44]} Rxd1 {[%emt 0:00:39]} 22. Rfxd1 {[%emt 0:00:45]} Rxh3 {[%emt 0:00:38]} 23. Nd5 {[%emt 0:00:49]} Qe6 {[%emt 0:00:43]} 24. Rac1+ {[%emt 0:00:50]} Kb8 {[%emt 0:00:56]} 25. Ne3 {[%emt 0:00:56]} Rh8 {[%emt 0:00:50]} 26. Nc5 {[%emt 0:00:41]} Qh3 {[%emt 0:01:48]} 27. Nf1 {[%emt 0:01:38]} Rc8 {[%emt 0:01:11]} 28. Nd7+ {[%emt 0:00:53]} Qxd7 {[%emt 0:01:05]} 29. Rxd7 {[%emt 0:00:37]} Rxc1 {[%emt 0:00:24]} 30. Rxg7 {[%emt 0:00:25]} Rc2 {[%emt 0:00:27]} 31. b4 {[%emt 0:00:56]} Rxa2 {[%emt 0:00:26]} 32. Ne3 {[%emt 0:00:22]} Rd2 {[%emt 0:01:05]} 33. Rf7 {[%emt 0:01:35]} Rd6 {[%emt 0:00:50]} 34. Kg2 {[%emt 0:00:52]} a6 {[%emt 0:00:30]} 35. Kf3 {[%emt 0:00:47]} Rd4 {[%emt 0:00:58]} 36. Rxf6 {[%emt 0:00:47]} Rxb4 {[%emt 0:00:24]} 37. Rf5 {[%emt 0:00:31]} Rf4+ {[%emt 0:00:28]} 38. Rxf4 {[%emt 0:00:45]} gxf4 {[%emt 0:00:27]} 39. Nc4 {[%emt 0:00:26]} b5 {[%emt 0:00:26]} 40. Nxe5 {[%emt 0:00:30]} Kc7 {[%emt 0:00:25]} 41. h4 {[%emt 0:00:58]} a5 {[%emt 0:00:33]} 42. h5 {[%emt 0:00:36]} a4 {[%emt 0:00:25]} 43. Nd3 {[%emt 0:01:14]} a3 {[%emt 0:00:45]} 44. Nb4 {[%emt 0:00:47]} Kb6 {[%emt 0:00:37]} 45. h6 {[%emt 0:00:25]} Kc5 {[%emt 0:00:22]} 46. Na2 {[%emt 0:00:51]} b4 {[%emt 0:00:23]} 47. h7 {[%emt 0:00:22]} b3 {[%emt 0:00:22]} 48. h8=Q {[%emt 0:00:23]} bxa2 {[%emt 0:00:39]} 49. Qa1 {[%emt 0:00:23]} Kb4 {[%emt 0:00:25]} 50. Qxa2 {[%emt 0:00:23]} 1-0